[Event "Maipu Magistral"]
[Site "Maipu"]
[Date "2002.08.30"]
[Round "8"]
[White "Martinez Guajardo, Eric"]
[Black "Calcagno, Jose"]
[Result "1-0"]
[WhiteElo "2113"]
[BlackElo "2061"]
[PlyCount "79"]
[EventDate "2002.08.17"]
[EventType "tourn"]
[EventRounds "11"]
[EventCountry "CHI"]
[EventCategory "1"]
[SourceTitle "EXT 2006"]
[Source "ChessBase"]
[SourceDate "2005.11.24"]
[SourceVersion "1"]
[SourceVersionDate "2005.11.24"]
[SourceQuality "1"]

1. e4 e6 2. d4 d5 3. exd5 exd5 4. Bd3 Nf6 5. Bg5 Be7 6. Nf3 Bg4 7. Nbd2 Ne4 8. Bxe7 Qxe7 9. 0-0 Nxd2 10. Qxd2 0-0 11. Rfe1 Qf6 12. Ne5 Be6 13. Re3 Nd7 14. Rae1 Nxe5 15. Rxe5 b6 16. c3 c5 17. Bb1 Rac8 18. f4 cxd4 19. cxd4 Rfe8 20. g4 Qh4 21. Qe2 Rf8 22. f5 Bd7 23. Rxd5 Rce8 24. Re5 Rxe5 25. dxe5 Bb5 26. Qe4 Bc6 27. Qe2 Bf3 28. Qf2 Qxg4+ 29. Qg3 Qd4+ 30. Qf2 Rd8 31. Qxd4 Rxd4 32. Kf2 Rd1 33. Rxd1 Bxd1 34. h4 Kf8 35. Ke3 Ke7 36. Kf4 h6 37. Be4 b5 38. b4 Be2 39. Ke3 Bc4 40. a3 1-0